Online katalóg knižníc regiónu Turca

Slovensko-nemecký slovník = (Record no. 20652)

MARC details
000 -LEADER
fixed length control field 00976nam a2200325 a 4500
001 - CONTROL NUMBER
control field 20652
003 - CONTROL NUMBER IDENTIFIER
control field CZ PrNK
005 - DATE AND TIME OF LATEST TRANSACTION
control field 20260128145551.0
007 - PHYSICAL DESCRIPTION FIXED FIELD--GENERAL INFORMATION
fixed length control field tu
008 - FIXED-LENGTH DATA ELEMENTS--GENERAL INFORMATION
fixed length control field 980528s1997 xo g d 000 0 slo
020 ## - INTERNATIONAL STANDARD BOOK NUMBER
International Standard Book Number 800800276X
Qualifying information (váz.)
040 ## - CATALOGING SOURCE
Original cataloging agency ABA001
Language of cataloging cze
041 0# - LANGUAGE CODE
Language code of text/sound track or separate title slo
-- ger
072 #7 - SUBJECT CATEGORY CODE
Subject category code 81
Subject category code subdivision Lingvistika. Jazyky
Source Konspekt
080 ## - UNIVERSAL DECIMAL CLASSIFICATION NUMBER
Universal Decimal Classification number 811.162.4
Edition identifier MRF
080 ## - UNIVERSAL DECIMAL CLASSIFICATION NUMBER
Universal Decimal Classification number 811.112.2
Edition identifier MRF
080 ## - UNIVERSAL DECIMAL CLASSIFICATION NUMBER
Universal Decimal Classification number 81'374.8-022.215
Edition identifier MRF
080 ## - UNIVERSAL DECIMAL CLASSIFICATION NUMBER
Universal Decimal Classification number (038)81
Edition identifier MRF
245 00 - TITLE STATEMENT
Title Slovensko-nemecký slovník =
Remainder of title Slowakisch-Deutsches Wörterbuch /
Statement of responsibility, etc. Marta Juríková ... [et al.]
246 31 - VARYING FORM OF TITLE
Title proper/short title Slowakisch-Deutsches Wörterbuch
250 ## - EDITION STATEMENT
Edition statement 1. vyd.
260 ## - PUBLICATION, DISTRIBUTION, ETC.
Place of publication, distribution, etc. Bratislava :
Name of publisher, distributor, etc. Slovenské pedagogické nakladateľstvo,
Date of publication, distribution, etc. 1997
300 ## - PHYSICAL DESCRIPTION
Extent 855 s. ;
Dimensions 27 cm
650 07 - SUBJECT ADDED ENTRY--TOPICAL TERM
Topical term or geographic name entry element slovenština
Source of heading or term czenas
650 07 - SUBJECT ADDED ENTRY--TOPICAL TERM
Topical term or geographic name entry element němčina
Source of heading or term czenas
655 #7 - INDEX TERM--GENRE/FORM
Genre/form data or focus term dvojjazyčné překladové slovníky
Source of term czenas
700 1# - ADDED ENTRY--PERSONAL NAME
Personal name Juríková, Marta
Relationship com
910 ## - USER-OPTION DATA (OCLC)
User-option data ABA001
942 ## - ADDED ENTRY ELEMENTS (KOHA)
Source of classification or shelving scheme Dewey Decimal Classification
Koha item type Odborná literatúra pre dospelých
Suppress in OPAC No
Holdings
Stav vyradenia Strata Poškodenie Spôsob nadobudnutia Domovská knižnica Aktuálna knižnica Dátum nadobudnutia Total checkouts Čiarový kód exemplára Date last seen Typ exemplára
      Dar Obecná knižnica Belá-Dulice Obecná knižnica Belá-Dulice 28.01.2026   4735903355 28.01.2026 Odborná literatúra pre dospelých
Projekt je podporený Slovenskou asociáciou knižníc
Prevádzkuje Turčianska knižnica Martin 2026